[Event "FRA-ch U12 Girls"]
[Site "Le Grand Bornand"]
[Date "2007.04.??"]
[Round "1"]
[White "Vandrisse, Marie"]
[Black "Henry, Laura"]
[Result "1/2-1/2"]
[WhiteElo "1330"]
[BlackElo "1606"]
[PlyCount "141"]
[EventDate "2007.04.07"]
[EventType "swiss"]
[EventRounds "9"]
[EventCountry "FRA"]
[SourceTitle "CBM 118 Extra"]
[Source "ChessBase"]
[SourceDate "2007.07.04"]
[SourceVersion "1"]
[SourceVersionDate "2007.07.04"]
[SourceQuality "1"]

1. e4 e5 2. Nf3 Nc6 3. Nc3 Nf6 4. d3 d5 5. exd5 Nxd5 6. Bd2 Bc5 7. Be2 0-0 8. 0-0 Re8 9. Bg5 Nxc3 10. bxc3 Be7 11. Be3 Bg4 12. Nxe5 Bxe2 13. Nxc6 Bxd1 14. Nxd8 Rexd8 15. Raxd1 b5 16. Rfe1 Bf6 17. Bd2 c5 18. Rb1 a6 19. h3 Rab8 20. a3 c4 21. Red1 cxd3 22. cxd3 Rxd3 23. Bf4 Rbd8 24. Rxd3 Rxd3 25. a4 Rxc3 26. axb5 axb5 27. Rxb5 h6 28. Rb8+ Kh7 29. Rb7 Rc4 30. Be3 Kg6 31. g3 Bd4 32. Bxd4 Rxd4 33. Kg2 h5 34. Rb6+ Kh7 35. h4 f6 36. Rb5 Kh6 37. Kf3 Kg6 38. Ke3 Ra4 39. Rd5 f5 40. Rd6+ Kh7 41. Rd5 Re4+ 42. Kf3 g6 43. Rd7+ Kg8 44. Rd8+ Kg7 45. Rd7+ Kf6 46. Rc7 Ke6 47. Rg7 Kf6 48. Rd7 Re8 49. Rd6+ Re6 50. Rd8 Kf7 51. Rd7+ Re7 52. Rd6 Re6 53. Rd7+ Kf6 54. Rd8 Ke7 55. Rg8 Kd6 56. Rd8+ Ke5 57. Rd2 Rd6 58. Re2+ Kf6 59. Kg2 Re6 60. Rd2 Ke7 61. Rb2 Re4 62. Rb7+ Kf6 63. Rb8 f4 64. f3 Re2+ 65. Kh3 fxg3 66. Kxg3 Re5 67. Rf8+ Ke6 68. Re8+ Kf6 69. Rf8+ Ke6 70. Re8+ Kf6 71. Rf8+ 1/2-1/2

[Event "FRA-chT2 East 0607"]
[Site "France"]
[Date "2006.11.25"]
[Round "2.8"]
[White "Vandrisse, Marie"]
[Black "Sengsavath, Darouny"]
[Result "0-1"]
[WhiteElo "1350"]
[BlackElo "1740"]
[PlyCount "56"]
[EventDate "2006.10.15"]
[EventType "team"]
[EventRounds "11"]
[EventCountry "FRA"]
[SourceTitle "EXT 2008"]
[Source "ChessBase"]
[SourceDate "2007.11.25"]
[SourceVersion "1"]
[SourceVersionDate "2007.11.25"]
[SourceQuality "1"]
[WhiteTeam "Gueugnon"]
[BlackTeam "Mundolsheim"]
[WhiteTeamCountry "FRA"]
[BlackTeamCountry "FRA"]

1. e4 e6 2. Nf3 d5 3. exd5 exd5 4. d3 Nf6 5. Nc3 Bb4 6. Bd2 0-0 7. Be2 Bg4 8. 0-0 Re8 9. a3 Bxc3 10. Bxc3 Nbd7 11. h3 Bh5 12. Re1 c5 13. b4 d4 14. Bd2 b6 15. c3 dxc3 16. Bxc3 Nd5 17. Bd2 cxb4 18. axb4 Qc7 19. Nd4 Bxe2 20. Rxe2 Qd6 21. Rxe8+ Rxe8 22. b5 N5f6 23. Rxa7 Qxd4 24. Be3 Qd5 25. Qb1 Nc5 26. Bxc5 Qxc5 27. Qb3 Qc1+ 28. Kh2 Qf4+ 0-1